<?xml version="1.0" encoding="UTF-8"?>
<record
    xmlns:xsi="http://www.w3.org/2001/XMLSchema-instance"
    xsi:schemaLocation="http://www.loc.gov/MARC21/slim http://www.loc.gov/standards/marcxml/schema/MARC21slim.xsd"
    xmlns="http://www.loc.gov/MARC21/slim">

  <leader>01409nam a2200205 a 4500</leader>
  <controlfield tag="008">161215e2013    ag ||||g |||| 00| f spa d</controlfield>
  <datafield tag="020" ind1=" " ind2=" ">
    <subfield code="a">9789500744539</subfield>
  </datafield>
  <datafield tag="041" ind1=" " ind2=" ">
    <subfield code="a">spa</subfield>
  </datafield>
  <datafield tag="092" ind1=" " ind2=" ">
    <subfield code="c">863</subfield>
    <subfield code="l">3</subfield>
    <subfield code="s">ALL</subfield>
  </datafield>
  <datafield tag="100" ind1="1" ind2=" ">
    <subfield code="a">Allende, Isabel</subfield>
    <subfield code="9">3210</subfield>
  </datafield>
  <datafield tag="245" ind1="3" ind2=" ">
    <subfield code="a">El bosque de los pigmeos /</subfield>
    <subfield code="c">Isabel Allende</subfield>
  </datafield>
  <datafield tag="250" ind1=" " ind2=" ">
    <subfield code="a">1a ed.</subfield>
  </datafield>
  <datafield tag="260" ind1=" " ind2=" ">
    <subfield code="a">Buenos Aires:</subfield>
    <subfield code="b">Sudamericana;</subfield>
    <subfield code="c">2013.</subfield>
  </datafield>
  <datafield tag="300" ind1=" " ind2=" ">
    <subfield code="a">224 p.</subfield>
    <subfield code="c">19x13 cm.</subfield>
  </datafield>
  <datafield tag="500" ind1=" " ind2=" ">
    <subfield code="a">Allende, I. (2004). El bosque de los pigmeos. (1a ed.). Buenos Aires : Sudamericana.</subfield>
  </datafield>
  <datafield tag="505" ind1=" " ind2=" ">
    <subfield code="a">Nadia, Alexander y su abuela Kate, a quien le han encargado un gran reportaje, viajan al coraz&#xF3;n de &#xC1;frica. Su encuentro con el hermano Fernando, un misionero que est&#xE1; buscando a dos compa&#xF1;eros desaparecidos, marca el comiendo de esta nueva aventura la selva tropical africana, donde la caza clandestina del elefante y otros animales salvajes atrae a mercenarios sin escr&#xFA;pulos. Los malvados son ahora los jefes de la Hermandad del Leopardo: el comandando Mbembel&#xE9;, el brujo Sombe y el rey Kosongo, que ha esclavizado a la tribu de los pigmeos. Los protagonistas, empujados por la curiosidad primero y la solidaridad despu&#xE9;s, entrar&#xE1;n en contacto con la cultura de los pigmeos, a los que, con la ayuda del esp&#xED;ritu de la reina Nana-Asante, lograr&#xE1;n liberar de la esclavitud. </subfield>
  </datafield>
  <datafield tag="590" ind1=" " ind2=" ">
    <subfield code="a">Proyecto 4to libro. Donaci&#xF3;n Adriana Navarro</subfield>
  </datafield>
  <datafield tag="655" ind1=" " ind2=" ">
    <subfield code="a">Novela</subfield>
    <subfield code="9">3091</subfield>
  </datafield>
  <datafield tag="942" ind1=" " ind2=" ">
    <subfield code="2">ddc</subfield>
    <subfield code="c">LIT</subfield>
  </datafield>
  <datafield tag="999" ind1=" " ind2=" ">
    <subfield code="c">2376</subfield>
    <subfield code="d">2376</subfield>
  </datafield>
  <datafield tag="952" ind1=" " ind2=" ">
    <subfield code="0">0</subfield>
    <subfield code="1">0</subfield>
    <subfield code="2">ddc</subfield>
    <subfield code="4">0</subfield>
    <subfield code="7">0</subfield>
    <subfield code="8">FIC</subfield>
    <subfield code="a">BFM</subfield>
    <subfield code="b">BFM</subfield>
    <subfield code="c">CR</subfield>
    <subfield code="d">2017-03-02</subfield>
    <subfield code="e">Donacion Adriana Navarro, Marzo 2017</subfield>
    <subfield code="l">6</subfield>
    <subfield code="m">6</subfield>
    <subfield code="o">863 3 ALL</subfield>
    <subfield code="p">3833</subfield>
    <subfield code="r">2025-09-02</subfield>
    <subfield code="s">2025-07-28</subfield>
    <subfield code="t">Ej.1</subfield>
    <subfield code="w">2017-03-02</subfield>
    <subfield code="y">LIT</subfield>
    <subfield code="z">Proyecto el 4to libro. Donaci&#xF3;n Navarro Adriana</subfield>
  </datafield>
  <datafield tag="952" ind1=" " ind2=" ">
    <subfield code="0">0</subfield>
    <subfield code="1">0</subfield>
    <subfield code="2">ddc</subfield>
    <subfield code="4">0</subfield>
    <subfield code="7">0</subfield>
    <subfield code="a">BFM</subfield>
    <subfield code="b">BFM</subfield>
    <subfield code="c">CR</subfield>
    <subfield code="d">2019-05-31</subfield>
    <subfield code="e">Donaci&#xF3;n Cabanne, Julia. Mayo 2019</subfield>
    <subfield code="l">2</subfield>
    <subfield code="o">863 3 ALL</subfield>
    <subfield code="p">4428</subfield>
    <subfield code="r">2020-03-09</subfield>
    <subfield code="s">2019-12-18</subfield>
    <subfield code="t">Ej. 2</subfield>
    <subfield code="w">2019-05-31</subfield>
    <subfield code="y">LIT</subfield>
    <subfield code="z">Proyecto 4to libro. Donaci&#xF3;n Cabanne, Julia. Mayo 2019</subfield>
  </datafield>
  <datafield tag="952" ind1=" " ind2=" ">
    <subfield code="0">0</subfield>
    <subfield code="1">0</subfield>
    <subfield code="2">ddc</subfield>
    <subfield code="4">0</subfield>
    <subfield code="7">0</subfield>
    <subfield code="a">BFM</subfield>
    <subfield code="b">BFM</subfield>
    <subfield code="c">CR</subfield>
    <subfield code="d">2025-09-22</subfield>
    <subfield code="e">Donaci&#xF3;n Guerra, Valeria. Septiembre 2025.</subfield>
    <subfield code="l">0</subfield>
    <subfield code="o">808 3 ALL</subfield>
    <subfield code="p">5111</subfield>
    <subfield code="r">2025-09-22</subfield>
    <subfield code="t">Ej. 3</subfield>
    <subfield code="w">2025-09-22</subfield>
    <subfield code="y">LIT</subfield>
    <subfield code="z">Donaci&#xF3;n Guerra, Valeria. Septiembre 2025. Sede Tordos.</subfield>
    <subfield code="f"></subfield>
  </datafield>
</record>
